<?xml version="1.0" encoding="UTF-8"?><?xml-stylesheet type="text/xsl" href="static/style.xsl"?><OAI-PMH xmlns="http://www.openarchives.org/OAI/2.0/" xmlns:xsi="http://www.w3.org/2001/XMLSchema-instance" xsi:schemaLocation="http://www.openarchives.org/OAI/2.0/ http://www.openarchives.org/OAI/2.0/OAI-PMH.xsd"><responseDate>2026-06-29T02:38:03Z</responseDate><request verb="GetRecord" identifier="oai:docta.ucm.es:20.500.14352/125948" metadataPrefix="marc">https://docta.ucm.es/rest/oai/request</request><GetRecord><record><header><identifier>oai:docta.ucm.es:20.500.14352/125948</identifier><datestamp>2025-11-13T01:02:42Z</datestamp><setSpec>com_20.500.14352_14</setSpec><setSpec>col_20.500.14352_15</setSpec></header><metadata><record xmlns="http://www.loc.gov/MARC21/slim" xmlns:dcterms="http://purl.org/dc/terms/" xmlns:xsi="http://www.w3.org/2001/XMLSchema-instance" xmlns:doc="http://www.lyncode.com/xoai" xsi:schemaLocation="http://www.loc.gov/MARC21/slim http://www.loc.gov/standards/marcxml/schema/MARC21slim.xsd">
   <leader>00925njm 22002777a 4500</leader>
   <datafield ind2=" " ind1=" " tag="042">
      <subfield code="a">dc</subfield>
   </datafield>
   <datafield ind2=" " ind1=" " tag="720">
      <subfield code="a">Díaz Morales, Juan Francisco</subfield>
      <subfield code="e">author</subfield>
   </datafield>
   <datafield ind2=" " ind1=" " tag="720">
      <subfield code="a">Puig Navarro, Yaiza</subfield>
      <subfield code="e">author</subfield>
   </datafield>
   <datafield ind2=" " ind1=" " tag="260">
      <subfield code="c">2022-08-29</subfield>
   </datafield>
   <datafield ind2=" " ind1=" " tag="520">
      <subfield code="a">The aim of the present study was to adapt the Morningness-Eveningness-Stability Scale improved (MESSi) to the Spanish adolescent population, testing its factor structure and construct validity. The participants were 725 adolescents (52.9% girls; M = 14.8, SD = 1.99) who completed the MESSi, the Morningness Eveningness Scale of Children (MESC), questions about sleep habits adapted from the School Sleep Habits Survey, and self-reported academic performance. The psychometric results support a three-factor model with the factors of morning affect, eveningness, and distinctness, which show good internal consistency. The pattern of correlations between MESSi and the other measures was in the expected direction. The MESC correlated positively with morning affect and negatively with eveningness, whereas distinctness was uncorrelated. Boys reported higher morningness, whereas girls reported higher distinctness. Eveningness was negatively related to academic performance. Overall, the results support the validity and reliability of the Spanish adolescent version of the MESSi.</subfield>
   </datafield>
   <datafield ind1="8" ind2=" " tag="024">
      <subfield code="a">Díaz-Morales, J. F., &amp; Puig-Navarro, Y. (2022). The psychometric properties of the Spanish version of the Morningness-Eveningness Stability Scale improved (MESSi) in adolescents. Chronobiology International, 39(11), 1411–1418. https://doi.org/10.1080/07420528.2022.2115378</subfield>
   </datafield>
   <datafield ind1="8" ind2=" " tag="024">
      <subfield code="a">10.1080/07420528.2022.2115378</subfield>
   </datafield>
   <datafield ind1="8" ind2=" " tag="024">
      <subfield code="a">https://hdl.handle.net/20.500.14352/125948</subfield>
   </datafield>
   <datafield ind1="8" ind2=" " tag="024">
      <subfield code="a">1525-6073</subfield>
   </datafield>
   <datafield ind1="8" ind2=" " tag="024">
      <subfield code="a">https://doi.org/10.1080/07420528.2022.2115378</subfield>
   </datafield>
   <datafield ind2="0" ind1="0" tag="245">
      <subfield code="a">The psychometric properties of the Spanish version of the Morningness-Eveningness Stability Scale improved (MESSi) in adolescents</subfield>
   </datafield>
</record></metadata></record></GetRecord></OAI-PMH>